Diligence in the Word of God. (Record no. 12753)

000 -LEADER
fixed length control field 00729nam a2200205 a 4500
001 - CONTROL NUMBER
control field :::00010567$&:&@@
003 - CONTROL NUMBER IDENTIFIER
control field OkBaRHE
005 - DATE AND TIME OF LATEST TRANSACTION
control field 20000607103400.0
008 - FIXED-LENGTH DATA ELEMENTS--GENERAL INFORMATION
fixed length control field s1981 j 000 0 eng u
040 ## - CATALOGING SOURCE
Transcribing agency
100 1# - MAIN ENTRY--PERSONAL NAME
Personal name Romo, Bobby.
245 10 - TITLE STATEMENT
Title Diligence in the Word of God.
260 ## - PUBLICATION, DISTRIBUTION, ETC. (IMPRINT)
Place of publication, distribution, etc Beverly Hills, CA., :
Name of publisher, distributor, etc Bobby Romo
Date of publication, distribution, etc c1981
300 ## - PHYSICAL DESCRIPTION
Extent 29 p. ;
Dimensions 22 cm.
650 ## - SUBJECT ADDED ENTRY--TOPICAL TERM
Topical term or geographic name as entry element Christian Life
942 ## - ADDED ENTRY ELEMENTS (KOHA)
Source of classification or shelving scheme
Koha item type Books
Copies
Barcode Permanent Location Shelving location Withdrawn status Koha item type Copy number Source of classification or shelving scheme Date acquired Full call number Price effective from Date last seen Not for loan Damaged status Lost status
10567RHEMA Bible Training CollegeGeneral Stacks Books1 2010-04-14BV 4501 .R62010-04-142010-04-14   
15134RHEMA Bible Training CollegeGeneral Stacks Books2 2010-04-14BV 4501 .R62010-04-142010-04-14   
15135RHEMA Bible Training CollegeGeneral Stacks Books3 2010-04-14BV 4501 .R62010-04-142010-04-14